Statistiques concernant Les 9 Muses

Cliquez ici pour prendre le quiz!

Statistiques générales

  • Ce quiz a été pris 201 fois
  • Le résultat moyen est 6 sur 9

Statistiques - réponses

Fonction(s)Muse% Correct
Muse de l'HistoireClio
94%
Muse de la Poésie ÉpiqueCalliope
70%
Muse du Chant NuptialÉrato
70%
Muse de la MusiqueEuterpe
70%
Muse de l'Astronomie et de l'AstrologieUranie
70%
Muse de la TragédieMelpomène
66%
Muse de la ComédieThalia
62%
Muse de la Poésie Lyrique et de la DanseTerpsichore
60%
Muse de la Pantomime et de la RhétoriquePolymnie
53%

Distribution des résultats

Percentile par nombre de réponses

% des personnes avec chaque résultat

Votre développement - résultats

Vous n’avez pas pris ce quiz